[Event "Westland (MI Women/1/4)"]
[Site "?"]
[Date "1993.??.??"]
[Round "?"]
[White "Raupp, Sarah"]
[Black "Stinson, Darlene"]
[Result "0-1"]
[WhiteElo "1605"]
[BlackElo "1605"]
[PlyCount "75"]
[EventDate "1993.??.??"]

{1/(4)} 1. f4 g6 2. e3 Bg7 3. Nf3 d6 4. Nc3 a6 5. d4 Nd7 6. Bd3 e5 7. Ne4 exd4
8. exd4 Ngf6 9. O-O O-O 10. Re1 Nxe4 11. Bxe4 Nf6 12. Bd3 Re8 13. Re2 Bg4 14.
Re3 Nd5 15. Rxe8+ Qxe8 16. c3 Bh6 17. g3 Bxf3 18. Qxf3 c6 19. Bd2 Qd7 20. Re1
Re8 21. c4 Rxe1+ 22. Bxe1 Nf6 23. Bc3 d5 24. f5 dxc4 25. Bxc4 Qxf5 26. Qxf5
gxf5 27. Bd3 Be3+ 28. Kg2 f4 29. gxf4 Bxf4 30. d5 Nxd5 31. Bd4 Be3 32. Be5 Nf4+
33. Bxf4 Bxf4 34. a4 Kg7 35. b4 Bd2 36. b5 cxb5 37. axb5 a5 38. Bc2 0-1

[Event "Westland (MI Women/4/2)"]
[Site "?"]
[Date "1993.??.??"]
[Round "?"]
[White "Raupp, Sarah"]
[Black "Raupp, Helene"]
[Result "0-1"]
[WhiteElo "1605"]
[BlackElo "1605"]
[PlyCount "98"]
[EventDate "1993.??.??"]

{4/(2)} 1. f4 e5 2. fxe5 d6 3. exd6 Bxd6 4. Nf3 Nf6 5. e3 Bg4 6. d4 O-O 7. Nbd2
Qe7 8. Bc4 Qxe3+ 9. Qe2 Re8 10. Nb3 Qxe2+ 11. Bxe2 Nc6 12. Kf2 Ne4+ 13. Kf1
Rad8 14. d5 Nb4 15. c4 Bxf3 16. Bxf3 Nd3 17. Ke2 Nef2+ 18. Kd2 Bf4+ 19. Kc3
Nxc1 20. Nxc1 Re3+ 21. Kc2 Nxh1 22. Ne2 Rxe2+ 23. Bxe2 Nf2 24. Rf1 Be3 25. g3
c6 26. dxc6 bxc6 27. b4 Rd2+ 28. Kc3 Ne4+ 29. Kb3 Rxe2 30. Rd1 Nd2+ 31. Kc3
Rxh2 32. b5 cxb5 33. cxb5 f5 34. Kb4 Kf7 35. a4 Ke6 36. a5 Ne4 37. Rd3 Bd2+ 38.
Ka4 Nc5+ 39. Ka3 Nxd3 40. a6 f4 41. gxf4 Bxf4 42. Ka4 Ra2+ 43. Kb3 Rb2+ 44. Kc3
Rxb5 45. Kxd3 Kd5 46. Kc2 Kc4 47. Kd1 Kd3 48. Ke1 Rb2 49. Kd1 Rb1# 0-1

[Event "Flint (Class B/5)"]
[Site "?"]
[Date "1993.??.??"]
[Round "?"]
[White "Raupp, Kenneth L"]
[Black "Nicolli, Randy"]
[Result "1/2-1/2"]
[WhiteElo "1650"]
[BlackElo "1625"]
[PlyCount "84"]
[EventDate "1993.??.??"]

1. f4 e5 2. fxe5 d6 3. exd6 Bxd6 4. Nf3 g5 5. g3 h5 6. d4 g4 7. Nh4 Be7 8. Ng2
h4 9. Bf4 hxg3 10. Bxg3 Bh4 11. Nxh4 Rxh4 12. Qd3 Rh6 13. Bg2 Qe7 14. Nd2 Nc6
15. c3 Bd7 16. O-O-O O-O-O 17. Rdf1 Nf6 18. Rf2 Nh5 19. Rhf1 Nxg3 20. hxg3 f5
21. Bxc6 Rxc6 22. Kb1 Ra6 23. e4 fxe4 24. Qxe4 Re6 25. Qh1 Re8 26. Kc2 Re2 27.
Kd1 Rxf2 28. Rxf2 Bc6 29. Qf1 Qe3 30. Re2 Qxg3 31. Rxe8+ Bxe8 32. Qe1 Qxe1+ 33.
Kxe1 Kd7 34. Kf2 Ke7 35. Kg3 Bd7 36. Ne4 b6 37. b4 Be6 38. a3 Bd5 39. Nf2 Bf3
40. Nxg4 Bxg4 41. Kxg4 Kd6 42. Kf4 Kd5 1/2-1/2

[Event "Flint (Class B/3)"]
[Site "?"]
[Date "1993.??.??"]
[Round "?"]
[White "Raupp, Kenneth L"]
[Black "Alliston, Richard"]
[Result "0-1"]
[WhiteElo "1650"]
[BlackElo "1650"]
[PlyCount "79"]
[EventDate "1993.??.??"]

1. f4 d5 2. b3 Nf6 3. e3 e6 4. Bb2 Bd6 5. Nf3 O-O 6. Bd3 Nbd7 7. O-O Nc5 8. Be2
b6 9. d3 Bb7 10. Ne5 c6 11. Nd2 Qc7 12. Qe1 Ncd7 13. Ndf3 Bc5 14. d4 Be7 15.
Bd3 Ne4 16. Bc1 c5 17. Ba3 f6 18. Ng4 h5 19. Nf2 Kf7 20. Nd2 f5 21. c4 Ndf6 22.
Nh3 Ng4 23. Nf3 Rh8 24. Bb2 Rag8 25. Bxe4 dxe4 26. Nfg5+ Bxg5 27. Nxg5+ Ke7 28.
dxc5 Qxc5 29. Bd4 Qc6 30. Qc3 Nf6 31. Rad1 Rc8 32. Qb4+ Ke8 33. Rd2 Nd7 34.
Rfd1 Nc5 35. Bxc5 bxc5 36. Qc3 Rg8 37. Rd6 Qc7 38. Rxe6+ Kf8 39. Rdd6 Rd8 40.
Qe5 0-1

[Event "Flint (Class C/5)"]
[Site "?"]
[Date "1993.??.??"]
[Round "?"]
[White "Raupp, Helene"]
[Black "Woolery, Bob"]
[Result "1-0"]
[WhiteElo "1605"]
[BlackElo "1605"]
[PlyCount "169"]
[EventDate "1993.??.??"]

1. f4 Nf6 2. b3 d5 3. e3 c5 4. Bb5+ Bd7 5. Qe2 a6 6. Bxd7+ Qxd7 7. Bb2 Nc6 8.
Nf3 d4 9. e4 e6 10. h3 Be7 11. d3 b5 12. g4 b4 13. Nbd2 O-O 14. Nc4 Qc7 15.
Nfe5 Nxe5 16. Nxe5 Nd7 17. Nxd7 Qxd7 18. g5 g6 19. Qg4 f5 20. gxf6 Rxf6 21. Ke2
Raf8 22. Raf1 Qc7 23. e5 Rf5 24. h4 Bd8 25. h5 Qf7 26. hxg6 Qxg6 27. Rhg1 Qxg4+
28. Rxg4+ Kh8 29. Bc1 Rg8 30. Rxg8+ Kxg8 31. Rg1+ Kf7 32. Kf3 h5 33. Bd2 Bc7
34. Ke4 Bd8 35. Be1 Be7 36. Bg3 Bd8 37. Rh1 Be7 38. Ra1 Bd8 39. a3 h4 40. Bh2
bxa3 41. Rxa3 a5 42. Ra1 Rh5 43. Rf1 Rf5 44. Kf3 Bc7 45. Kg4 Bxe5 46. Kxh4 Bf6+
47. Kg4 Ke7 48. Ra1 Kd6 49. Rxa5 Bd8 50. Ra6+ Kd7 51. Bg3 Bc7 52. Ra1 Kc6 53.
Re1 Kd7 54. Re4 Ba5 55. Re2 Kd6 56. Rh2 Kd5 57. Rh7 Kd6 58. Bh4 Bb4 59. Be7+
Kd5 60. Rg7 Bd2 61. Bg5 Rf8 62. Rg6 Ra8 63. f5 exf5+ 64. Kxf5 Bxg5 65. Rxg5 Ra2
66. Kf4+ Kc6 67. Rg2 Kb5 68. Ke4 Rb2 69. Kd5 Kb4 70. Re2 Kb5 71. Kd6 Kb6 72.
Rf2 Kb5 73. Kc7 Kb4 74. Kc6 Ra2 75. c3+ Kxb3 76. Rxa2 Kxa2 77. cxd4 cxd4 78.
Kc5 Kb3 79. Kxd4 Kb4 80. Ke5 Kc5 81. d4+ Kc6 82. Ke6 Kc7 83. d5 Kd8 84. Kd6 Ke8
85. Kc7 1-0

[Event "Westland (MI Women/3/2)"]
[Site "?"]
[Date "1993.??.??"]
[Round "?"]
[White "Raupp, Helene"]
[Black "Stinson, Darlene"]
[Result "1-0"]
[WhiteElo "1605"]
[BlackElo "1605"]
[PlyCount "99"]
[EventDate "1993.??.??"]

{3/(2)} 1. f4 b6 2. Nf3 Bb7 3. b3 e6 4. e3 Bd6 5. Bb2 Nf6 6. Be2 Nc6 7. O-O Qe7
8. d3 Rg8 9. Nbd2 Nd5 10. Nc4 Bc5 11. d4 b5 12. dxc5 bxc4 13. Bd4 cxb3 14. cxb3
Nxd4 15. Qxd4 Rb8 16. g3 Bc6 17. Ne5 Ba8 18. Bc4 f6 19. Nd3 Kf7 20. e4 Nb4 21.
Nxb4 Rgd8 22. Rfd1 Kf8 23. a3 Bb7 24. Ra2 a5 25. Na6 Bxa6 26. Bxa6 Rxb3 27. Bc4
Rbb8 28. Rad2 Ke8 29. f5 h6 30. fxe6 dxe6 31. Qxd8+ Rxd8 32. Rxd8+ Qxd8 33.
Rxd8+ Kxd8 34. Bxe6 Ke7 35. Bc4 Kd7 36. Kf2 Ke7 37. Kf3 g6 38. h4 f5 39. exf5
gxf5 40. Kf4 Kf6 41. Bd3 Kg6 42. Bxf5+ Kf6 43. Bd7 Kg6 44. g4 Kf6 45. h5 Kg7
46. Kf5 Kf7 47. c6 Kg7 48. Ke6 Kf8 49. a4 Kg7 50. Ke7 1-0

[Event "Flint (Class C/1)"]
[Site "?"]
[Date "1993.??.??"]
[Round "?"]
[White "Raupp, Helene"]
[Black "Hooks, Jerry"]
[Result "1-0"]
[WhiteElo "1605"]
[BlackElo "1605"]
[PlyCount "104"]
[EventDate "1993.??.??"]

1. f4 Nf6 2. b3 d5 3. e3 Nc6 4. Bb5 Bd7 5. Nf3 Ne4 6. Bb2 e6 7. O-O Nd6 8. Bxc6
Bxc6 9. d3 Nf5 10. Qe1 Bc5 11. d4 Bd6 12. Nbd2 Qe7 13. a4 O-O 14. g4 Nh6 15.
Qg3 f5 16. g5 Nf7 17. h4 Nh8 18. Ne5 Bxe5 19. fxe5 Be8 20. Ba3 Qf7 21. Bxf8
Kxf8 22. e4 dxe4 23. Nxe4 Bc6 24. Nc5 b6 25. Nd3 Be4 26. Rf4 Kg8 27. Raf1 Qh5
28. R4f2 Ng6 29. Rh2 Qg4 30. Qxg4 fxg4 31. Nf4 Nxf4 32. Rxf4 Bf3 33. c4 Rf8 34.
Rxf8+ Kxf8 35. Rd2 c6 36. Kf2 Kf7 37. h5 g6 38. h6 Ke7 39. b4 a6 40. b5 cxb5
41. cxb5 a5 42. Rc2 Kd7 43. Rc3 Bd5 44. Kg3 Kd8 45. Kxg4 Kd7 46. Rc2 Kd8 47.
Rf2 Ke8 48. Rf6 Ke7 49. Rxg6 Be4 50. Rg7+ Kd8 51. Kf4 Bc2 52. Rb7 Bxa4 1-0

[Event "Flint (Class C/3)"]
[Site "?"]
[Date "1993.??.??"]
[Round "?"]
[White "Raupp, Helene"]
[Black "Edson, James"]
[Result "0-1"]
[WhiteElo "1605"]
[BlackElo "1605"]
[PlyCount "120"]
[EventDate "1993.??.??"]

1. f4 c5 2. b3 Nf6 3. e3 e6 4. Bb2 Nc6 5. Bb5 Qc7 6. Nf3 d6 7. d3 Bd7 8. Nbd2
Be7 9. O-O O-O-O 10. Qe1 Rhg8 11. Bxc6 Bxc6 12. e4 h6 13. a4 Nd7 14. Nc4 Rde8
15. d4 d5 16. Nce5 dxe4 17. Nxc6 Qxc6 18. Nd2 f5 19. Nc4 cxd4 20. Bxd4 Bc5 21.
Rd1 Rd8 22. Qe3 Bxd4 23. Rxd4 Kb8 24. Rfd1 Rge8 25. Rd6 Qc7 26. Qd4 Kc8 27.
Qxa7 Qc5+ 28. Qxc5+ Nxc5 29. Rxd8+ Rxd8 30. Rxd8+ Kxd8 31. Kf2 Kd7 32. Ke3 g5
33. Ne5+ Ke7 34. a5 Nd7 35. Nc4 Kf6 36. b4 e5 37. g3 Ke6 38. b5 Nf6 39. h3
gxf4+ 40. gxf4 Nd5+ 41. Kf2 exf4 42. a6 bxa6 43. bxa6 Nc7 44. a7 Na8 45. Nb2
Kd5 46. c4+ Kd4 47. Ke2 Kc3 48. Nd1+ Kxc4 49. Kd2 Kd4 50. Nb2 f3 51. Nd1 f4 52.
Ke1 e3 53. h4 Kd3 54. Nb2+ Ke4 55. Nc4 Kf5 56. Kf1 Kg4 57. Ne5+ Kg3 58. h5 e2+
59. Ke1 f2+ 60. Kxe2 Kg2 0-1

[Event "Westland (MI Women/1/3)"]
[Site "?"]
[Date "1993.??.??"]
[Round "?"]
[White "Raupp, Helene"]
[Black "Bishop, T."]
[Result "1-0"]
[WhiteElo "1605"]
[BlackElo "1605"]
[PlyCount "120"]
[EventDate "1993.??.??"]

{1/(3)} 1. f4 d5 2. e3 Nf6 3. b3 Nc6 4. Bb5 Bd7 5. Nf3 g6 6. Bb2 a6 7. Bxc6
Bxc6 8. O-O e6 9. Ne5 Bb5 10. d3 Bc5 11. Qe1 a5 12. Nd2 O-O 13. Rf3 a4 14. c4
dxc4 15. dxc4 Bc6 16. Rh3 axb3 17. Nxb3 Ne4 18. Nxc6 bxc6 19. Nxc5 Nxc5 20. Qc3
f6 21. g4 Na4 22. Qc2 Nxb2 23. Qxb2 Ra5 24. e4 e5 25. f5 g5 26. Rb3 Ra4 27. c5
Rxe4 28. h3 Qd5 29. Rc1 Qd4+ 30. Qxd4 Rxd4 31. Rb7 e4 32. Rxc7 e3 33. Re7 Rd3
34. a4 Ra3 35. Re6 Kf7 36. Rxc6 Rxa4 37. Re6 Re8 38. c6 Rxe6 39. fxe6+ Kxe6 40.
c7 Ra8 41. c8=Q+ Rxc8 42. Rxc8 Ke5 43. Re8+ Kf4 44. Re6 Kf3 45. Rxf6+ Ke2 46.
Re6 Kd2 47. Kf1 h6 48. Kg2 e2 49. Kf2 Kd3 50. Rxe2 Kd4 51. Kf3 Kd5 52. Re8 Kd6
53. Rh8 Ke6 54. Rxh6+ Ke5 55. h4 gxh4 56. Rxh4 Kf6 57. Kf4 Kg6 58. Rh5 Kf6 59.
g5+ Ke6 60. Rh6+ Kd5 1-0

[Event "Westland (MI Women/1/2)"]
[Site "?"]
[Date "1993.??.??"]
[Round "?"]
[White "Raupp, Christine"]
[Black "Skidmore, Jennifer"]
[Result "0-1"]
[WhiteElo "1605"]
[BlackElo "1940"]
[PlyCount "86"]
[EventDate "1993.??.??"]

{1/(2)} 1. f4 d6 2. e3 Nc6 3. Bb5 Bd7 4. Nf3 Nf6 5. b3 a6 6. Bxc6 Bxc6 7. Bb2
Qd7 8. d3 O-O-O 9. Nbd2 h6 10. O-O e6 11. e4 Be7 12. Nc4 Ne8 13. Qd2 f6 14. a4
d5 15. exd5 Bxd5 16. Qc3 Nd6 17. Nb6+ Kb8 18. Nxd7+ Rxd7 19. b4 c6 20. Qc5 Nf5
21. Qb6 Bd8 22. Qc5 Be7 23. Qc3 Rc8 24. Nd4 Ne3 25. Rf2 c5 26. bxc5 Bxc5 27.
Re2 Nf5 28. Qa5 Nxd4 29. Bxd4 Bxd4+ 30. Kh1 Bxa1 31. Re1 Bc3 32. Qb6 Bxe1 33.
c4 Bc6 34. Qe3 Bb4 35. Qxe6 Rxd3 36. h3 Re8 37. Qf5 Rd1+ 38. Kh2 Rd2 39. Qb1
Rxg2+ 40. Kh1 Rb2+ 41. Qe4 Bxe4+ 42. Kg1 Bc5+ 43. Kf1 Bg2# 0-1

[Event "Westland (MI Women/3/3)"]
[Site "?"]
[Date "1993.??.??"]
[Round "?"]
[White "Raupp, Christine"]
[Black "Bensek, A."]
[Result "0-1"]
[WhiteElo "1605"]
[BlackElo "1605"]
[PlyCount "48"]
[EventDate "1993.??.??"]

{3/(3)} 1. f4 c5 2. e3 Nc6 3. Bb5 Nf6 4. b3 g6 5. Bb2 Bg7 6. Nf3 O-O 7. Bxc6
bxc6 8. d3 d6 9. Nbd2 Bg4 10. O-O Nd5 11. Qc1 Nc3 12. Bxc3 Bxc3 13. Rb1 e5 14.
Ne4 Ba5 15. fxe5 Bxf3 16. Rxf3 dxe5 17. Nxc5 Bb6 18. Ne4 f5 19. Ng3 f4 20. Nf1
Qh4 21. Rh3 Qg5 22. Kh1 fxe3 23. Nxe3 Rf2 24. Nd1 Rf1# 0-1

[Event "Trenton (Mar)"]
[Site "?"]
[Date "1993.??.??"]
[Round "?"]
[White "Randel, D."]
[Black "Woolery, Bob"]
[Result "1/2-1/2"]
[WhiteElo "1605"]
[BlackElo "1605"]
[PlyCount "62"]
[EventDate "1993.??.??"]

1. d4 d5 2. c4 c6 3. cxd5 cxd5 4. Nc3 Nf6 5. Nf3 Nc6 6. Bf4 a6 7. e3 e6 8. a3
Be7 9. Bd3 O-O 10. O-O Nh5 11. Bg3 Nxg3 12. hxg3 Qc7 13. e4 dxe4 14. Bxe4 Bf6
15. Qc2 g6 16. d5 Ne5 17. Rad1 Nxf3+ 18. Bxf3 Rd8 19. Qb3 Bxc3 20. bxc3 Rb8 21.
Rfe1 b5 22. dxe6 Bxe6 23. Rxd8+ Rxd8 24. Rxe6 fxe6 25. Qxe6+ Kg7 26. Qxa6 Qxc3
27. Qxb5 Qc1+ 28. Kh2 Qh6+ 29. Kg1 Qc1+ 30. Kh2 Qh6+ 31. Kg1 Qc1+ 1/2-1/2

[Event "Lansing (MI Am/4)"]
[Site "?"]
[Date "1993.??.??"]
[Round "?"]
[White "Randel, D."]
[Black "Smith, Ed"]
[Result "1-0"]
[WhiteElo "1605"]
[BlackElo "1870"]
[PlyCount "109"]
[EventDate "1993.??.??"]

1. e4 c5 2. Nf3 Nc6 3. d4 cxd4 4. Nxd4 g6 5. c4 Bg7 6. Be3 Nf6 7. Nc3 O-O 8.
Be2 b6 9. Qd2 Bb7 10. f3 Nxd4 11. Bxd4 d6 12. O-O Ne8 13. Rfd1 Bxd4+ 14. Qxd4
Qc7 15. Rac1 Qc5 16. Nd5 e5 17. Qxc5 bxc5 18. Rb1 Bxd5 19. Rxd5 a5 20. Bd1 f5
21. exf5 Rxf5 22. Ba4 Rf6 23. Rbd1 Kg7 24. Bxe8 Rxe8 25. Rxd6 e4 26. fxe4 Rxe4
27. b3 Re2 28. R6d2 Ree6 29. Rf1 Kf7 30. Rxf6+ Kxf6 31. Kf2 a4 32. Rd5 axb3 33.
axb3 Rc6 34. Ke3 Rb6 35. Rd3 Re6+ 36. Kd2 h5 37. Rd5 Rc6 38. Kc3 Ke6 39. b4
cxb4+ 40. Kxb4 Rb6+ 41. Kc5 Rb2 42. Rg5 Kf6 43. h4 Rd2 44. g3 Rg2 45. Kc6 Re2
46. c5 Re6+ 47. Kc7 Ke7 48. c6 Kf7 49. Kb7 Re3 50. c7 Rb3+ 51. Kc8 Rc3 52. Re5
Rxg3 53. Kd7 Rd3+ 54. Kc6 Kf6 55. Rc5 1-0

[Event "Lansing (MI Am/2)"]
[Site "?"]
[Date "1993.??.??"]
[Round "?"]
[White "Randel, D."]
[Black "Anderson, Gale"]
[Result "1-0"]
[WhiteElo "1605"]
[BlackElo "1810"]
[PlyCount "157"]
[EventDate "1993.??.??"]

1. e4 d6 2. d4 g6 3. Nc3 Bg7 4. Nf3 Nd7 5. Be2 b6 6. O-O Bb7 7. Be3 e6 8. Qd2
a6 9. a4 Ne7 10. Rad1 O-O 11. Bh6 Rc8 12. Bxg7 Kxg7 13. Ne1 d5 14. exd5 exd5
15. Bf3 c6 16. Ne2 b5 17. b3 Re8 18. Ng3 Ng8 19. Nd3 Qc7 20. Rfe1 f6 21. Re3
Qd6 22. Rde1 Re7 23. h4 Rce8 24. h5 Bc8 25. hxg6 hxg6 26. a5 Kf7 27. b4 f5 28.
Rxe7+ Rxe7 29. Rxe7+ Qxe7 30. Qf4 Qe6 31. Qc7 Ne7 32. Qf4 Kg7 33. c3 Nf6 34.
Qe5 Qxe5 35. Nxe5 Ne4 36. Bxe4 dxe4 37. Kf1 Be6 38. Ke1 Kf6 39. Ne2 Kg5 40. g3
Ba2 41. Nf4 Kf6 42. Kd2 Bb3 43. Ke3 Nd5+ 44. Nxd5+ Bxd5 45. Nd7+ Ke7 46. Nc5 g5
47. Nxa6 Kd8 48. Nc5 Kc7 49. Na6+ Kc8 50. Nc5 Bf7 51. Kd2 Ba2 52. Kc2 Bd5 53.
Kd1 f4 54. gxf4 gxf4 55. Ke1 Kc7 56. Kf1 Kc8 57. Kg1 Kc7 58. Kh2 e3 59. fxe3
fxe3 60. Kg3 Bc4 61. Ne4 Bd3 62. Ng5 Bf1 63. Kf3 e2 64. Kf2 Kb7 65. Ne4 Bg2 66.
Nd2 Bh3 67. Kxe2 Bc8 68. Ke3 Kc7 69. Ke4 Kd6 70. Nb3 Bb7 71. Nc5 Ba8 72. Kd3
Ke7 73. c4 Kd6 74. cxb5 cxb5 75. Ne4+ Ke7 76. Nc3 Bc6 77. d5 Bb7 78. Kd4 Kd7
79. Kc5 1-0

[Event "Trenton (Mar)"]
[Site "?"]
[Date "1993.??.??"]
[Round "?"]
[White "Randall, Paul"]
[Black "Wright, Ken"]
[Result "1-0"]
[WhiteElo "1690"]
[BlackElo "1605"]
[PlyCount "38"]
[EventDate "1993.??.??"]

1. d4 Nf6 2. Nf3 g6 3. Nc3 d6 4. e4 Bg7 5. Bd3 Bg4 6. h3 Bxf3 7. Qxf3 O-O 8.
Be3 Nc6 9. g4 Nb4 10. h4 Qd7 11. Rg1 Nxd3+ 12. cxd3 e5 13. d5 c6 14. Bg5 Ne8
15. h5 f6 16. Be3 g5 17. Rh1 Bh6 18. Rc1 c5 19. Ne2 Qb5 {[White played the
illegal 20.0-0]} 1-0

[Event "Trenton (Mar)"]
[Site "?"]
[Date "1993.??.??"]
[Round "?"]
[White "Randall, Paul"]
[Black "Cutler, C."]
[Result "1-0"]
[WhiteElo "1690"]
[BlackElo "1605"]
[PlyCount "87"]
[EventDate "1993.??.??"]

1. d4 Nf6 2. Nf3 e6 3. c4 d5 4. Nc3 c5 5. e3 cxd4 6. exd4 Bb4 7. Bd3 Nc6 8. O-O
O-O 9. a3 dxc4 10. Bxc4 Be7 11. Bf4 Nd5 12. Nxd5 exd5 13. Bd3 Bf6 14. Re1 Nxd4
15. Nxd4 Qb6 16. Be3 Qxb2 17. Re2 Qc3 18. Rc2 Qa5 19. Rac1 Qxa3 20. Nb5 Qa5 21.
Nc7 Rb8 22. Nxd5 Qd8 23. Bxa7 Ra8 24. Bb6 Qd7 25. Qh5 h6 26. Nxf6+ gxf6 27. Rc3
Qg4 28. Qxh6 f5 29. Bxf5 Bxf5 30. Rg3 Qxg3 31. hxg3 Ra6 32. Qg5+ Bg6 33. Bd4
Ra4 34. Qf6 Rxd4 35. Qxd4 b5 36. f4 Bf5 37. Qf6 Bg6 38. f5 Bh7 39. Rc7 b4 40.
Qg5+ Kh8 41. Qe7 Kg7 42. f6+ Kg8 43. Qxb4 Bg6 44. Qxf8+ 1-0

[Event "Troy (TCC/X/2/2)"]
[Site "?"]
[Date "1993.??.??"]
[Round "?"]
[White "Rahm, S."]
[Black "Everett, Morgan"]
[Result "0-1"]
[WhiteElo "2080"]
[BlackElo "2155"]
[PlyCount "70"]
[EventDate "1993.??.??"]

{2/(2)} 1. e4 e5 2. f4 exf4 3. Nf3 d5 4. exd5 Nf6 5. d4 Nxd5 6. Bd3 Be7 7. O-O
Bg4 8. c4 Nf6 9. Bxf4 Bxf3 10. Rxf3 Qxd4+ 11. Kh1 Nc6 12. Bxc7 O-O 13. Nc3 Bc5
14. Nd5 Ng4 15. b4 Bb6 16. Bxb6 axb6 17. b5 Qe5 18. Rf4 Qxf4 19. Nxf4 Nf2+ 20.
Kg1 Nxd1 21. bxc6 Nc3 22. cxb7 Ra7 23. Rc1 Na4 24. Be4 Nc5 25. Bf3 Nxb7 26. Nd5
Nc5 27. Nc3 Re8 28. Rc2 g6 29. Nd5 Re6 30. h4 Kg7 31. h5 f5 32. g4 Ra3 33. gxf5
gxf5 34. Kg2 Nd3 35. Rd2 Ne1+ 0-1

[Event "Gaylord (NMO/4/12)"]
[Site "?"]
[Date "1993.??.??"]
[Round "?"]
[White "Raftshol, W."]
[Black "Uhl, W."]
[Result "1-0"]
[WhiteElo "1870"]
[BlackElo "1605"]
[PlyCount "59"]
[EventDate "1993.??.??"]

{4/(12)} 1. e4 e5 2. f4 Nc6 3. Nf3 d6 4. Bb5 Nge7 5. fxe5 a6 6. Bxc6+ Nxc6 7.
exd6 Bxd6 8. d4 f6 9. O-O Bg4 10. c3 Qe7 11. Nbd2 O-O-O 12. Qa4 Bd7 13. Qc2 g5
14. b4 g4 15. Nh4 g3 16. h3 Rdf8 17. Nc4 Na7 18. Nxd6+ Qxd6 19. Bf4 Qe6 20.
Bxg3 Rhg8 21. Nf5 Re8 22. Rae1 Bb5 23. d5 Qd7 24. c4 Ba4 25. Qc3 b5 26. c5 Rg6
27. c6 Qf7 28. Qc5 Kb8 29. Qb6+ Kc8 30. Qxa7 1-0

[Event "Gaylord (NMO/2/12)"]
[Site "?"]
[Date "1993.??.??"]
[Round "?"]
[White "Raftshol, W."]
[Black "Andrews, Steve"]
[Result "0-1"]
[WhiteElo "1870"]
[BlackElo "2235"]
[PlyCount "102"]
[EventDate "1993.??.??"]

{2/(12)} 1. e4 Nf6 2. Nc3 d5 3. Qf3 d4 4. Nd5 c6 5. Nxf6+ exf6 6. Bc4 a5 7. a4
Bd6 8. Ne2 Qb6 9. Qb3 Qxb3 10. Bxb3 c5 11. Ng3 O-O 12. d3 Re8 13. O-O Nc6 14.
f4 g6 15. Bd2 Kg7 16. Bd5 Re7 17. Bxc6 bxc6 18. b3 h5 19. Rae1 h4 20. Ne2 Bc7
21. Kh1 Bd7 22. Ng1 Rae8 23. Nf3 h3 24. g3 Bg4 25. Nh4 f5 26. exf5 gxf5 27. Kg1
Rxe1 28. Rxe1 Rxe1+ 29. Bxe1 Kf6 30. c3 Bd1 31. b4 Bxa4 32. bxc5 Bc2 33. cxd4
Bxd3 34. Bc3 Ke6 35. Nf3 f6 36. Kf2 Kd5 37. Nd2 a4 38. Ke3 Bc2 39. Kf3 a3 40.
g4 a2 41. Nf1 Kc4 42. Ba1 Bd1+ 43. Kg3 Kd3 44. gxf5 Ke2 45. Kxh3 Kxf1 46. Kg3
Bh5 47. h4 Ke2 48. d5 cxd5 49. Bxf6 Ke3 50. Ba1 Bxf4+ 51. Kg2 d4 0-1

[Event "Troy (TCC/M/5/4)"]
[Site "?"]
[Date "1993.??.??"]
[Round "?"]
[White "Quander, K."]
[Black "Mills, J."]
[Result "0-1"]
[WhiteElo "1605"]
[BlackElo "2205"]
[PlyCount "64"]
[EventDate "1993.??.??"]

{5/(4)} 1. d4 Nf6 2. c4 e5 3. dxe5 Ng4 4. Nf3 Bc5 5. e3 Nc6 6. h3 Ngxe5 7. Be2
O-O 8. Nc3 Re8 9. a3 a5 10. Qc2 Nxf3+ 11. Bxf3 Nd4 12. Qd1 Ra6 13. Ne4 Nxf3+
14. Qxf3 Bf8 15. Bd2 Qh4 16. g4 b5 17. cxb5 Rb6 18. Qg3 Qxg3 19. Nxg3 Rxb5 20.
Bc3 Bb7 21. O-O a4 22. Ne2 h5 23. Nd4 Rd5 24. Rfe1 hxg4 25. hxg4 Rg5 26. Rac1
Rxg4+ 27. Kf1 c5 28. Ne2 Bg2+ 29. Kg1 Bf3+ 30. Kf1 Re6 31. Ng1 Rxg1+ 32. Kxg1
Rh6 0-1

[Event "Troy (TCC/M/2/5)"]
[Site "?"]
[Date "1993.??.??"]
[Round "?"]
[White "Quander, K."]
[Black "Drkulec, Vladimir"]
[Result "0-1"]
[WhiteElo "1605"]
[BlackElo "2205"]
[PlyCount "108"]
[EventDate "1993.??.??"]

{2/(5)} 1. d4 Nf6 2. c4 c5 3. Nc3 cxd4 4. Qxd4 Nc6 5. Qd1 g6 6. Bg5 Bg7 7. Qd2
h6 8. Bf4 g5 9. Be3 Ng4 10. Nf3 Nxe3 11. Qxe3 d6 12. h3 Qa5 13. Qd2 Be6 14. e3
Rc8 15. Nd5 Bxd5 16. Qxa5 Nxa5 17. cxd5 Bxb2 18. Bb5+ Kf8 19. Rb1 Bc3+ 20. Ke2
Rc5 21. Rhc1 Kg7 22. Bd3 Rhc8 23. Nd2 Bxd2 24. Kxd2 Kf6 25. f4 gxf4 26. exf4 b6
27. g4 Nb7 28. h4 Rxc1 29. Rxc1 Rxc1 30. Kxc1 Nc5 31. Bc2 Na6 32. a3 Nc7 33.
Be4 Nb5 34. Kb2 Nd4 35. Bd3 Nf3 36. g5+ Kg7 37. Kc3 Nxh4 38. Kb4 hxg5 39. fxg5
Nf3 40. Kb5 Nxg5 41. Ka6 Kf6 42. Kxa7 Ke5 43. Kxb6 Kxd5 44. a4 Ne6 45. a5 Nc5
46. a6 Nxa6 47. Bxa6 f5 48. Bf1 e5 49. Kb5 e4 50. Kb4 Kd4 51. Kb3 d5 52. Kc2
Ke3 53. Kd1 Kf2 54. Bh3 e3 0-1

[Event "Eastpointe (EDO/1b/1)"]
[Site "?"]
[Date "1993.??.??"]
[Round "?"]
[White "Puryear, Douglas"]
[Black "Andrews, R."]
[Result "0-1"]
[WhiteElo "1605"]
[BlackElo "2230"]
[PlyCount "34"]
[EventDate "1993.??.??"]

1. d4 Nf6 2. c4 e6 3. Nf3 d5 4. c5 b6 5. b4 a5 6. bxa5 bxc5 7. dxc5 Bxc5 8. Bd2
Ne4 9. e3 Qf6 10. Qa4+ Bd7 11. Qb3 Qxa1 12. Qb7 O-O 13. Bd3 Na6 14. Bxa6 Rfb8
15. Qxc7 Rxb1+ 16. Ke2 Rxh1 17. Qxd7 Qf1# 0-1

[Event "Troy (TCC/C/4/3)"]
[Site "?"]
[Date "1993.??.??"]
[Round "?"]
[White "Purkey, L."]
[Black "Sunts, A."]
[Result "1-0"]
[WhiteElo "1605"]
[BlackElo "1605"]
[PlyCount "39"]
[EventDate "1993.??.??"]

{4/(3)} 1. e4 e5 2. d4 exd4 3. c3 dxc3 4. Bc4 Qf6 5. Qb3 Nc6 6. Nxc3 Bb4 7.
Nge2 Bxc3+ 8. Nxc3 Nge7 9. Nb5 Kd8 10. O-O a6 11. Na3 Na5 12. Qd3 Nxc4 13. Nxc4
Nc6 14. Qg3 h6 15. Bf4 d6 16. e5 Qg6 17. exd6 Bd7 18. dxc7+ Kc8 19. Nd6+ Kxc7
20. Nxf7+ 1-0

[Event "Troy (TCC/C/1a/1)"]
[Site "?"]
[Date "1993.??.??"]
[Round "?"]
[White "Purkey, L."]
[Black "Stemmler, Daniel"]
[Result "0-1"]
[WhiteElo "1605"]
[BlackElo "1605"]
[PlyCount "66"]
[EventDate "1993.??.??"]

1. e4 g6 2. d4 Bg7 3. c4 d6 4. Nc3 Nc6 5. Be3 Nf6 6. h3 O-O 7. Nf3 Nh5 8. g4
Nf6 9. Qd2 e5 10. d5 Ne7 11. Bh6 c5 12. Bxg7 Kxg7 13. g5 Nh5 14. Ne2 f5 15. Qc3
fxe4 16. Nxe5 dxe5 17. Qxe5+ Kg8 18. Qxe4 Nf5 19. O-O-O Qxg5+ 20. f4 Qe7 21.
Qxe7 Nxe7 22. d6 Nc6 23. d7 Nxf4 24. Nxf4 Rxf4 25. d8=Q+ Nxd8 26. Rxd8+ Kg7 27.
Be2 b6 28. Bg4 Rxc4+ 29. Kd2 Rd4+ 30. Rxd4 cxd4 31. Bf3 Rb8 32. h4 Bb7 33. Be2
Bxh1 0-1

[Event "Flint (MI Senior/2)"]
[Site "?"]
[Date "1993.??.??"]
[Round "?"]
[White "Pulsipher, P."]
[Black "Poschel, Paul"]
[Result "0-1"]
[WhiteElo "1770"]
[BlackElo "2280"]
[PlyCount "105"]
[EventDate "1993.??.??"]

1. d4 d5 2. c4 dxc4 3. Nf3 Nf6 4. e3 e6 5. Bxc4 a6 6. O-O b5 7. Bd3 Bb7 8. a3
c5 9. dxc5 Bxc5 10. b4 Bb6 11. Be2 Qe7 12. Nc3 O-O 13. Bb2 Nbd7 14. Rc1 e5 15.
Qb3 e4 16. Nd4 Bxd4 17. exd4 Nb6 18. Nd1 Nfd5 19. Qg3 f5 20. Ne3 f4 21. Nxd5
Bxd5 22. Qh3 f3 23. Bd1 fxg2 24. Re1 Qf7 25. Qg3 Nc4 26. Rc2 Rae8 27. Bc1 Re6
28. Be2 Rg6 29. Qh4 Qd7 30. Bh5 Rb6 31. Bg4 Qd6 32. Qg5 h6 33. Qh4 Rb7 34. Be2
Re7 35. Bxc4 bxc4 36. Qg3 Qb6 37. Be3 Rf6 38. Qg4 Ref7 39. Qc8+ Kh7 40. Qg4 Rg6
41. Qh5 Qe6 42. Qe5 Qd7 43. Qh5 Rf3 44. Qe5 Rf5 45. Qb8 Rh5 46. Bf4 Rh3 47. Re3
Rxe3 48. Bxe3 Qg4 49. Rc1 c3 50. Qe5 Bb3 51. d5 c2 52. h3 Qd1+ 53. Kh2 0-1

[Event "Flint (MI Senior/4)"]
[Site "?"]
[Date "1993.??.??"]
[Round "?"]
[White "Pulsipher, D."]
[Black "Kruskie, Jerry"]
[Result "1/2-1/2"]
[WhiteElo "1770"]
[BlackElo "1850"]
[PlyCount "59"]
[EventDate "1993.??.??"]

1. d4 Nf6 2. c4 e6 3. Nf3 d5 4. Nc3 c5 5. cxd5 Nxd5 6. Nxd5 Qxd5 7. e3 Nc6 8.
Bb5 Bd7 9. O-O cxd4 10. Nxd4 Nxd4 11. Bxd7+ Qxd7 12. Qxd4 Qxd4 13. exd4 Be7 14.
Bf4 O-O 15. Rfc1 Rac8 16. f3 h6 17. Kf2 Rfd8 18. Rxc8 Rxc8 19. Rc1 Rxc1 20.
Bxc1 Bf6 21. Be3 a6 22. Ke2 Kf8 23. Kd3 Ke7 24. a4 Kd6 25. Kc4 Kc6 26. b3 b5+
27. Kd3 bxa4 28. bxa4 Kd5 29. g4 Be7 30. h3 1/2-1/2